| 000 | 01955cam a2200397 i 4500 | ||
|---|---|---|---|
| 001 | 17545267 | ||
| 003 | OSt | ||
| 005 | 20170105102905.0 | ||
| 008 | 121130s2013 enk b 001 0 eng | ||
| 010 | _a 2012044267 | ||
| 020 | _a9780415692038 (hardback) | ||
| 020 | _z9780203381588 (e-book) | ||
| 040 |
_aDLC _beng _cDLC _erda _dDLC |
||
| 042 | _apcc | ||
| 043 |
_ae-uk--- _aee----- _aa ec----- |
||
| 050 | 0 | 0 |
_aHC244 _b.H343 2013 |
| 082 | 0 | 0 |
_a338.91 _223 _bHAM 2013 |
| 100 | 1 |
_aHamilton, Keith, _d1942- |
|
| 245 | 1 | 0 |
_aTransformational diplomacy after the Cold War : _bBritain's Know How Fund in post-communist Europe 1989-2003 / _cKeith Hamilton. |
| 246 | 3 | 0 | _aBritain's Know How Fund in post-communist Europe 1989-2003 |
| 260 |
_aLondon : _bRoutledge, _c2013 |
||
| 300 |
_axi, 224 pages ; _c24 cm. |
||
| 490 | 0 |
_aWhitehall histories: Foreign and Commonwealth Office publications ; _v1471-2083 |
|
| 504 | _aIncludes bibliographical references (pages 211-216) and index. | ||
| 505 | 0 | _aIntroduction: banana ripening in Belarus -- Exciting times -- Practice and principles -- Maximum glitz, minimum bucks -- Measuring success -- Evolving exit strategies -- New Labour, new strategy -- Conclusion: knowing how, when and where. | |
| 610 | 2 | 0 |
_aKnow How Fund (Great Britain) _xHistory. |
| 650 | 0 |
_aTechnical assistance _zEurope, Central _xHistory. |
|
| 650 | 0 |
_aTechnical assistance _zEurope, Eastern _xHistory. |
|
| 651 | 0 |
_aGreat Britain _xForeign economic relations _zEurope, Central. |
|
| 651 | 0 |
_aEurope, Central _xForeign economic relations _zGreat Britain. |
|
| 651 | 0 |
_aGreat Britain _xForeign economic relations _zEurope, Eastern. |
|
| 651 | 0 |
_aEurope, Eastern _xForeign economic relations _zGreat Britain. |
|
| 906 |
_a7 _bcbc _corignew _d1 _eecip _f20 _gy-gencatlg |
||
| 942 |
_2ddc _cBK |
||
| 999 |
_c14853 _d14853 |
||